| 000 | 00769nam a22001817a 4500 | ||
|---|---|---|---|
| 999 |
_c371237 _d371237 |
||
| 008 | 201127b ||||| |||| 00| 0 eng d | ||
| 040 |
_aDE-2950 _bger _cDE-2950 _erda |
||
| 041 | _ager | ||
| 245 |
_aVerzweiflung im Flüchtlingslager. _bAsyl: In der Einrichtung in Wedrzyn bei Frankfurt drohen Migranten mit Selbstverletzung und Streik. Angeblich haben Regierungsvertreter des Irak die Abschiebung aller Iraker verkündet / _nNancy Waldmann. |
||
| 264 | _c2021 | ||
| 653 | _aWedrzyn <Polen> | ||
| 653 | _aFlüchtlingslager | ||
| 773 |
_dFrankfurt (Oder) Märkisches Verlags- und Druckhaus GmbH & Co KG _tMärkische Oderzeitung _g32. Jahrgang (2021) Nr. 293 vom 15.12.2021, S. 16 |
||
| 942 | _cA | ||